• 首页
  • 本馆介绍
  • 公告通知
  • 最新文献
  • 馆藏检索
  • 电子资源
  • 读者导购
  • 参考咨询
  • 我的图书馆
  • 登录
  • 详细信息显示
  • 放入我的书架
  • 预约/预借图书
  • 作者相关作品
  • 分类相关作品
  • 丛书相关作品
  • 出版社相关作品

书目信息

  • 表格格式
  • 工作单格式
  • 卡片格式
题名:
微震台网的原理及应用
    
 
作者: 李〓 , Lee , 斯图尔特 , Stewat 著 ;唐美华 译
分册:  
出版信息: 北京   地震出版社  1984
页数: 175页
开本: 19cm
丛书名:
单 册:
中图分类: P315.6 , P315.61
科图分类:
主题词: 地震观测--方法 , 岩石--物理学 , 固体地球物理学
电子资源:
ISBN:
000 01089nam0 2200349 45
001 0184002658
005 20040521155919.2
010    @dCNY1.65
091    @a13180.197
100    @a19950510d1984 em y0chiy0121 ea
101 1  @achi@ceng
102    @aCN@b110000
105    @ay z000yy
106    @ar
200 10 @a微震台网的原理及应用@Awei zhen tai wang de yuan li ji ying yong@f(美)李〓(W.H.K.Lee),斯图尔特(S.W.Stewat)著@g唐美华译
210    @a北京@c地震出版社@d1984
215    @a175页@d19cm
300    @a书名原文: Principles and Applications of Microearthquake Networks
510 1  @aPrinciples and Applications of Microearthquake Networks@zeng
606    @a地震观测@x方法
606 0  @a岩石@x物理学
606 0  @a固体地球物理学
690    @aP315.6@v3
690    @aP315.61
701  1 @a李〓@Ali〓@bW.H.K.@4著
701 A1 @aLee@bW.H.K.@4著
701  1 @a斯图尔特@Asi tu er te@bS.W.@4著
701 A1 @aStewat@bS.W.@4著
702  0 @a唐美华@Atang mei hua@4译
801  0 @aCN@b上海图书馆@c20040521
801  2 @aCN@bNLC@c20040521
905    @f1@b109268@dP315.61@e14
    
    微震台网的原理及应用/(美)李〓(W.H.K.Lee),斯图尔特(S.W.Stewat)著/唐美华译.-北京:地震出版社,1984
    175页;19cm
    书名原文: Principles and Applications of Microearthquake Networks
    
    ISBN :CNY1.65
    
●
相关链接 在E读中查询图书 在五车中查询图书 在当当中查询图书 在豆瓣中查询图书


正题名:微震台网的原理及应用     索取号:P315.61/14         预约/预借

序号 登录号 条形码 馆藏地/架位号 状态 备注
1 0109268   000626308   第三借阅区/ [索取号:P315.61/14] 在馆    
2 0109269   202105872   第二样本阅览室/ [索取号:P315.61/14] 在馆    
唐山师范学院图书馆 欢迎您!
大连网信软件有限公司© 版权所有